<?xml version="1.0" encoding="UTF-8"?><?xml-stylesheet type="text/xsl" href="static/style.xsl"?><OAI-PMH xmlns="http://www.openarchives.org/OAI/2.0/" xmlns:xsi="http://www.w3.org/2001/XMLSchema-instance" xsi:schemaLocation="http://www.openarchives.org/OAI/2.0/ http://www.openarchives.org/OAI/2.0/OAI-PMH.xsd"><responseDate>2026-04-13T14:59:02Z</responseDate><request verb="GetRecord" identifier="oai:www.recercat.cat:2117/388650" metadataPrefix="marc">https://recercat.cat/oai/request</request><GetRecord><record><header><identifier>oai:recercat.cat:2117/388650</identifier><datestamp>2025-07-17T15:19:58Z</datestamp><setSpec>com_2072_1033</setSpec><setSpec>col_2072_452951</setSpec></header><metadata><record xmlns="http://www.loc.gov/MARC21/slim" xmlns:dcterms="http://purl.org/dc/terms/" xmlns:xsi="http://www.w3.org/2001/XMLSchema-instance" xmlns:doc="http://www.lyncode.com/xoai" xsi:schemaLocation="http://www.loc.gov/MARC21/slim http://www.loc.gov/standards/marcxml/schema/MARC21slim.xsd">
   <leader>00925njm 22002777a 4500</leader>
   <datafield ind2=" " ind1=" " tag="042">
      <subfield code="a">dc</subfield>
   </datafield>
   <datafield ind2=" " ind1=" " tag="720">
      <subfield code="a">Muñoz Cadenas, Oriol</subfield>
      <subfield code="e">author</subfield>
   </datafield>
   <datafield ind2=" " ind1=" " tag="260">
      <subfield code="c">2023-05-17</subfield>
   </datafield>
   <datafield ind2=" " ind1=" " tag="520">
      <subfield code="a">Las tecnologías de impresión 3D son un método de fabricación que día a día crecen con&#xd;
mayor velocidad y mejores garantías. Bajo la necesidad de fabricar piezas de compleja&#xd;
geometría, tecnologías como el torno o la fresa han quedado obsoletas en muchos&#xd;
campos de la ingeniería. Dicha necesidad da pie a ingenieros de todo el mundo a buscar&#xd;
nuevas soluciones y nuevos métodos de fabricación. Entre ellos se encuentra la&#xd;
impresión 3D.&#xd;
Este proyecto se centrará en la optimización del diseño de una impresora 3D categoría&#xd;
cartesiana de tipo CORE XY. Dado que actualmente este sistema estructural supera&#xd;
con creces las prestaciones de calidad de sus análogas adversarias, he decidido dar un&#xd;
paso más allá y realizar una reducción del índice de volumen máquina/volumen de&#xd;
impresión.</subfield>
   </datafield>
   <datafield ind2=" " ind1=" " tag="520">
      <subfield code="a">Les tecnologies d’impressió 3D són un mètode de fabricació que dia a dia creixen amb&#xd;
gran velocitat i millors garanties. Amb la necessitat de fabricar peces de complexa&#xd;
geometria, tecnologies com el torn o la fresadora han restat obsoletes en molts àmbits&#xd;
de l’enginyeria. Aquesta necessitat dona peu a enginyers de tot el món a buscar noves&#xd;
solucions i nous processos de fabricació. Entre aquests es troba la impressió 3D.&#xd;
Aquest projecte es focalitzarà en l’optimització del disseny d’una impressora 3D&#xd;
categoria cartesiana de tipus CORE XY. Donat que actualment aquest sistema&#xd;
estructural supera notablement les prestacions de qualitat de les seves anàlogues&#xd;
adversàries, he decidit fer una pas més enllà realitzant una reducció d’índex entre volum&#xd;
màquina/volum d’impressió.</subfield>
   </datafield>
   <datafield ind2=" " ind1=" " tag="520">
      <subfield code="a">Technologies of 3D printing are a manufacturing method that is growing everyday with&#xd;
increasing speed and better guarantees. With the need to create parts with complex&#xd;
geometries, technologies such as lathes or milling machines have become obsolete in&#xd;
many engineering fields. This need has prompted engineers all over the world to look for&#xd;
new solutions and new manufacturing methods. Among those: 3D printing.&#xd;
This project will focus on optimizing the design of a CORE XY Cartesian 3D printer.&#xd;
Given that this structural system currently exceeds the quality performance of its rival&#xd;
analogues, I decided to go a step further and reduce the machine/print volume ratio.</subfield>
   </datafield>
   <datafield tag="653" ind2=" " ind1=" ">
      <subfield code="a">Àrees temàtiques de la UPC::Enginyeria mecànica</subfield>
   </datafield>
   <datafield tag="653" ind2=" " ind1=" ">
      <subfield code="a">Three-dimensional printing</subfield>
   </datafield>
   <datafield tag="653" ind2=" " ind1=" ">
      <subfield code="a">Impresión 3D</subfield>
   </datafield>
   <datafield tag="653" ind2=" " ind1=" ">
      <subfield code="a">MEX</subfield>
   </datafield>
   <datafield tag="653" ind2=" " ind1=" ">
      <subfield code="a">SLA</subfield>
   </datafield>
   <datafield tag="653" ind2=" " ind1=" ">
      <subfield code="a">CORE XY</subfield>
   </datafield>
   <datafield tag="653" ind2=" " ind1=" ">
      <subfield code="a">Impressió 3D</subfield>
   </datafield>
   <datafield ind2="0" ind1="0" tag="245">
      <subfield code="a">Optimización de una impresora 3D tipo Core XY</subfield>
   </datafield>
</record></metadata></record></GetRecord></OAI-PMH>